[Event "Moravia-Silesia Region-chT 0708"]
[Site "Czech Republic"]
[Date "2007.10.28"]
[Round "1.2"]
[White "Kolar, Stanislav"]
[Black "Snyta, Zdenek"]
[Result "1/2-1/2"]
[WhiteElo "2177"]
[BlackElo "2134"]
[PlyCount "77"]
[EventDate "2007.10.28"]
[EventType "team-tourn"]
[EventRounds "11"]
[EventCountry "CZE"]
[SourceTitle "EXT 2024"]
[Source "ChessBase"]
[SourceDate "2023.10.10"]
[SourceVersion "1"]
[SourceVersionDate "2023.10.10"]
[SourceQuality "1"]

1. e4 d5 2. exd5 Nf6 3. Bb5+ Bd7 4. Bc4 Bg4 5. Nf3 Nxd5 6. Nc3 e6 7. 0-0 Be7 8. h3 Bh5 9. d4 c6 10. a3 Nd7 11. Bd3 Qc7 12. Nxd5 cxd5 13. Re1 Rc8 14. c3 Bg6 15. Bxg6 hxg6 16. Be3 b5 17. Qd2 Nb6 18. Bf4 Nc4 19. Bxc7 Nxd2 20. Nxd2 Rxc7 21. Nb3 Kd7 22. Re3 Bd6 23. Rae1 g5 24. Kf1 Ra8 25. Na5 a6 26. g3 Rac8 27. Kg2 Re8 28. Rf1 Ra7 29. b4 Bc7 30. Nb3 a5 31. Nc5+ Kc6 32. f4 gxf4 33. gxf4 g6 34. Nd3 axb4 35. cxb4 Kb6 36. Ne5 Bxe5 37. fxe5 Rc8 38. Rff3 Rc2+ 39. Kg3 1/2-1/2